[Event "Titled Tuesday intern op1 3rd Nov"]
[Site "Chess.com INT"]
[Date "2015.11.03"]
[Round "2"]
[White "Gozzoli, Yannick"]
[Black "Van de Mortel, Jan"]
[Result "1-0"]
[WhiteElo "2570"]
[BlackElo "2416"]
[PlyCount "97"]
[EventDate "2015.11.03"]
[EventType "swiss (blitz)"]
[EventRounds "9"]
[EventCountry "USA"]
[SourceTitle "EXT 2021"]
[Source "ChessBase"]
[SourceDate "2020.10.23"]
[SourceVersion "1"]
[SourceVersionDate "2020.10.23"]
[SourceQuality "1"]

1. d4 Nf6 2. c4 c5 3. d5 e6 4. Nc3 exd5 5. cxd5 Bd6 6. Nf3 0-0 7. Bg5 Re8 8. e3 a6 9. a4 Bf8 10. d6 Re6 11. Bc4 Rxd6 12. Qb3 Re6 13. 0-0 Nc6 14. Bxe6 fxe6 15. Rad1 d5 16. e4 d4 17. e5 h6 18. Bh4 g5 19. exf6 gxh4 20. Ne4 Qd5 21. Qc2 h3 22. Ng3 Ne5 23. Rfe1 Nxf3+ 24. gxf3 Qxf3 25. Qg6+ Kh8 26. Nh5 Bd7 27. Rd3 Qf5 28. Qxf5 exf5 29. Rg3 Be8 30. Nf4 Bd6 31. Rg7 Bxf4 32. Ree7 Bg6 33. Rxg6 Rg8 34. Rgg7 Rxg7+ 35. fxg7+ Kg8 36. Rxb7 d3 37. Rd7 d2 38. Kf1 c4 39. Ke2 Bxh2 40. Rxd2 Be5 41. Kf3 Kxg7 42. Rc2 Kf6 43. Rxc4 Kg5 44. b4 Bd6 45. b5 axb5 46. axb5 Kf6 47. b6 Ke5 48. b7 Kd5 49. Rc8 1-0

[Event "Titled Tuesday intern op1 3rd Nov"]
[Site "Chess.com INT"]
[Date "2015.11.03"]
[Round "8"]
[White "Van de Mortel, Jan"]
[Black "Pace, Christopher"]
[Result "1-0"]
[WhiteElo "2416"]
[BlackElo "2084"]
[PlyCount "41"]
[EventDate "2015.11.03"]
[EventType "swiss (blitz)"]
[EventRounds "9"]
[EventCountry "USA"]
[SourceTitle "EXT 2021"]
[Source "ChessBase"]
[SourceDate "2020.10.23"]
[SourceVersion "1"]
[SourceVersionDate "2020.10.23"]
[SourceQuality "1"]

1. Nf3 Nf6 2. g3 e6 3. Bg2 d5 4. 0-0 Be7 5. d3 0-0 6. Nbd2 c5 7. e4 Nc6 8. e5 Nd7 9. Re1 f6 10. exf6 Nxf6 11. a3 Bd6 12. c4 Re8 13. Rb1 a5 14. b3 b6 15. Bb2 Bb7 16. Qe2 a4 17. bxa4 Rxa4 18. Bxf6 Qxf6 19. cxd5 Nd4 20. Nxd4 Qxd4 21. Rxb6 1-0

[Event "Titled Tuesday intern op1 6th Oct"]
[Site "Chess.com INT"]
[Date "2015.10.06"]
[Round "4"]
[White "Pace, Christopher"]
[Black "Van de Mortel, Jan"]
[Result "0-1"]
[WhiteElo "2084"]
[BlackElo "2416"]
[PlyCount "53"]
[EventDate "2015.10.06"]
[EventType "swiss (blitz)"]
[EventRounds "9"]
[EventCountry "USA"]
[SourceTitle "EXT 2021"]
[Source "ChessBase"]
[SourceDate "2020.10.23"]
[SourceVersion "1"]
[SourceVersionDate "2020.10.23"]
[SourceQuality "1"]

1. e4 c5 2. Nc3 Nc6 3. g3 g6 4. Bg2 Bg7 5. Nh3 e6 6. 0-0 Nge7 7. d3 0-0 8. f4 d6 9. Nf2 b6 10. h3 Bb7 11. Kh2 Qd7 12. g4 f5 13. exf5 gxf5 14. g5 Ng6 15. Re1 Rae8 16. Ne2 e5 17. Rf1 Nd4 18. c3 Nf3+ 19. Kg3 Nfh4 20. Qb3+ c4 21. Qxc4+ d5 22. Qb3 Nxg2 23. Kxg2 Kh8 24. Kh2 d4 25. cxd4 exd4 26. Ng3 Qc6 27. Rh1 0-1

[Event "USA tt"]
[Site "ICC INT"]
[Date "2011.10.11"]
[Round "7"]
[White "Bartell, Thomas"]
[Black "Van de Mortel, Jan"]
[Result "1/2-1/2"]
[WhiteElo "2342"]
[BlackElo "2416"]
[PlyCount "77"]
[EventDate "2011.08.29"]
[EventType "team-tourn"]
[EventRounds "10"]
[EventCountry "USA"]
[SourceTitle "CBM 144 Extra"]
[Source "ChessBase"]
[SourceDate "2011.10.28"]
[SourceVersion "1"]
[SourceVersionDate "2011.10.28"]
[SourceQuality "1"]
[WhiteTeam "Philadelphia Inventors"]
[BlackTeam "Boston Blitz"]
[WhiteTeamCountry "USA"]
[BlackTeamCountry "USA"]

1. d4 d5 2. c4 c6 3. Nf3 Nf6 4. Nc3 g6 5. Bf4 Bg7 6. e3 0-0 7. Bd3 c5 8. dxc5 Qa5 9. 0-0 dxc4 10. Bxc4 Qxc5 11. Qb3 Nc6 12. Ng5 e6 13. Qb5 Qxb5 14. Bxb5 Nd5 15. Nxd5 exd5 16. Bxc6 bxc6 17. Rac1 Ba6 18. Rfd1 Bxb2 19. Rxc6 Bc4 20. Rb1 Bg7 21. a3 Rfc8 22. Rxc8+ Rxc8 23. Nf3 Ba2 24. Rb8 Rxb8 25. Bxb8 a5 26. Bc7 a4 27. Bd6 Bc4 28. Nd4 f5 29. f4 Bf6 30. Kf2 Bd8 31. Bb4 Kf7 32. Ke1 Bb6 33. Kd2 Kg7 34. Ne6+ Kf7 35. Ng5+ Kg8 36. Ne6 Kf7 37. Ng5+ Kg8 38. Ne6 Kf7 39. Ng5+ 1/2-1/2

[Event "USA tt"]
[Site "ICC INT"]
[Date "2008.09.08"]
[Round "3"]
[White "Andrews, Todd D"]
[Black "Van de Mortel, Jan"]
[Result "0-1"]
[WhiteElo "2315"]
[BlackElo "2412"]
[PlyCount "72"]
[EventDate "2008.10.22"]
[EventType "team"]
[EventRounds "10"]
[EventCountry "USA"]
[SourceTitle "CBM 126 Extra"]
[Source "ChessBase"]
[SourceDate "2008.11.05"]
[SourceVersion "1"]
[SourceVersionDate "2008.11.05"]
[SourceQuality "1"]

1. e4 c5 2. Nf3 d6 3. d4 cxd4 4. Nxd4 Nf6 5. Nc3 g6 6. Be3 Bg7 7. f3 0-0 8. Qd2 Nc6 9. 0-0-0 Nxd4 10. Bxd4 Be6 11. Kb1 Qc7 12. Nb5 Qd7 13. Be3 Rfc8 14. g4 Bc4 15. Nd4 Bxf1 16. Rhxf1 Qc7 17. h4 Nd7 18. h5 Ne5 19. hxg6 hxg6 20. Qh2 Nc4 21. Bc1 Qb6 22. Nb3 Ne3 23. Rh1 Rxc2 24. Qh7+ Kf8 25. Rd3 Rac8 26. e5 Rxc1+ 27. Rxc1 Rxc1+ 28. Kxc1 Nc4 29. exd6 Qg1+ 30. Kc2 Qf2+ 31. Nd2 exd6 32. b4 Ne3+ 33. Kb3 Qe2 34. Rxd6 Qd1+ 35. Ka3 Nc2+ 36. Ka4 Nd4+ 0-1

[Event "USA tt"]
[Site "ICC INT"]
[Date "2008.08.27"]
[Round "1"]
[White "Altounian, Levon"]
[Black "Van de Mortel, Jan"]
[Result "1-0"]
[WhiteElo "2454"]
[BlackElo "2412"]
[PlyCount "83"]
[EventDate "2008.10.22"]
[EventType "team"]
[EventRounds "10"]
[EventCountry "USA"]
[SourceTitle "CBM 126 Extra"]
[Source "ChessBase"]
[SourceDate "2008.11.05"]
[SourceVersion "1"]
[SourceVersionDate "2008.11.05"]
[SourceQuality "1"]

1. Nf3 c5 2. c4 Nc6 3. g3 g6 4. Bg2 Bg7 5. Nc3 e5 6. a3 a5 7. d3 d6 8. Nd2 Nge7 9. Nf1 0-0 10. Ne3 Be6 11. Ned5 Rb8 12. Rb1 Qd7 13. h4 Bg4 14. Ne3 Be6 15. h5 Nd4 16. Ned5 Bg4 17. Bg5 Nxd5 18. Bxd5 Ne6 19. Bd2 Nc7 20. hxg6 hxg6 21. Bg2 Be6 22. Ne4 b6 23. Bh6 f6 24. b4 axb4 25. axb4 d5 26. cxd5 Bxd5 27. bxc5 bxc5 28. Nxc5 Qc6 29. Bxg7 Rxb1 30. Qxb1 Kxg7 31. Bxd5 Nxd5 32. Ne4 f5 33. Ng5 Ne3 34. Rh7+ Kf6 35. fxe3 Kxg5 36. Qb4 f4 37. exf4+ exf4 38. Qxf8 Qc1+ 39. Kf2 Qe3+ 40. Kf1 Qc1+ 41. Kg2 f3+ 42. Kf2 1-0

[Event "Chicago Spring"]
[Site "Chicago"]
[Date "2005.04.16"]
[Round "1"]
[White "Van de Mortel, Jan"]
[Black "Akobian, Varuzhan"]
[Result "1/2-1/2"]
[WhiteElo "2410"]
[BlackElo "2556"]
[PlyCount "37"]
[EventDate "2005.04.16"]
[EventType "tourn"]
[EventRounds "11"]
[EventCountry "USA"]
[EventCategory "8"]
[SourceTitle "CBM 105 Extra"]
[Source "ChessBase"]
[SourceDate "2005.05.01"]
[SourceVersion "1"]
[SourceVersionDate "2005.05.01"]
[SourceQuality "1"]

1. d4 Nf6 2. Nf3 d5 3. g3 c5 4. Bg2 Nc6 5. 0-0 cxd4 6. Nxd4 Bg4 7. Nxc6 bxc6 8. c4 e6 9. Bg5 Be7 10. cxd5 exd5 11. Qa4 Qd7 12. Nc3 0-0 13. e4 d4 14. e5 dxc3 15. exf6 gxf6 16. Bxc6 Qf5 17. Bf4 cxb2 18. Rab1 Rac8 19. Rxb2 1/2-1/2

[Event "NED-chT 0203"]
[Site "Netherlands"]
[Date "2003.03.15"]
[Round "7.4"]
[White "Delemarre, Jop"]
[Black "Van de Mortel, Jan"]
[Result "1-0"]
[WhiteElo "2418"]
[BlackElo "2401"]
[PlyCount "139"]
[EventDate "2002.09.28"]
[EventType "team-tourn"]
[EventRounds "9"]
[EventCountry "NED"]
[SourceTitle "EXT 2015"]
[Source "ChessBase"]
[SourceDate "2014.11.20"]
[SourceVersion "1"]
[SourceVersionDate "2014.11.20"]
[SourceQuality "1"]
[WhiteTeam "Breda ZZICT"]
[BlackTeam "Nijmegen"]
[WhiteTeamCountry "NED"]
[BlackTeamCountry "NED"]

1. d4 Nf6 2. c4 g6 3. Nc3 d5 4. Nf3 Bg7 5. Bg5 Ne4 6. cxd5 Nxg5 7. Nxg5 e6 8. Qd2 h6 9. Nh3 exd5 10. Nf4 c5 11. dxc5 d4 12. Ne4 0-0 13. g3 Bd7 14. Bg2 Bc6 15. 0-0 Nd7 16. Rac1 Qe7 17. Qc2 a5 18. Rfe1 Rfd8 19. Nd2 Rdc8 20. Bxc6 Rxc6 21. Qe4 Qf8 22. Nb3 a4 23. Nxd4 Nxc5 24. Qd5 Rd6 25. Qxc5 Bxd4 26. Qa3 Rb6 27. Qxf8+ Kxf8 28. Nd3 Bxb2 29. Rb1 a3 30. Rec1 Bd4 31. Rxb6 Bxb6 32. Rb1 Ra6 33. Ne5 Ke8 34. Nc4 Bc5 35. Rxb7 Be7 36. Kg2 Rc6 37. Ne5 Rc2 38. Kf3 Rc5 39. Rb8+ Bd8 40. Nd3 Rc2 41. Nb4 Rc5 42. Ra8 Rc3+ 43. e3 Kd7 44. Nd5 Rd3 45. Ra7+ Ke8 46. Nf4 Rc3 47. h3 h5 48. h4 Kf8 49. Ra8 Ke8 50. Ne2 Rd3 51. Nd4 Rc3 52. Ke2 Kd7 53. Ra7+ Ke8 54. Kd2 Rc7 55. Rxa3 Bf6 56. Ra8+ Kd7 57. Nb5 Rc5 58. Ra7+ Ke6 59. a4 Be5 60. Rb7 Rc4 61. f4 Ba1 62. a5 Ra4 63. a6 Kd5 64. a7 Kc4 65. Nc7 Bc3+ 66. Ke2 Ra2+ 67. Kf1 Ra1+ 68. Kg2 Ra2+ 69. Kh3 g5 70. hxg5 1-0

[Event "BEL-chT 0203"]
[Site "Belgium"]
[Date "2002.10.06"]
[Round "1.2"]
[White "Van de Mortel, Jan"]
[Black "Naiditsch, Arkadij"]
[Result "0-1"]
[WhiteElo "2401"]
[BlackElo "2586"]
[PlyCount "76"]
[EventDate "2002.10.06"]
[EventType "team"]
[EventRounds "11"]
[EventCountry "BEL"]
[SourceTitle "CBM 090 Extra"]
[Source "ChessBase"]
[SourceDate "2002.11.07"]
[SourceVersion "1"]
[SourceVersionDate "2002.11.07"]
[SourceQuality "1"]
[WhiteTeam "Bruges"]
[BlackTeam "Eynatten"]
[WhiteTeamCountry "BEL"]
[BlackTeamCountry "BEL"]

1. d4 Nf6 2. Nf3 e6 3. g3 d5 4. Bg2 b5 5. 0-0 Nbd7 6. Ne5 Bb7 7. c4 bxc4 8. Nxc4 c6 9. Ncd2 Qb6 10. Qb3 c5 11. Nc3 Ba6 12. dxc5 Nxc5 13. Qxb6 axb6 14. b4 Ncd7 15. a3 Rc8 16. Bb2 Bd6 17. Rfc1 0-0 18. h3 Rc7 19. b5 Bb7 20. Na4 Rxc1+ 21. Bxc1 Ra8 22. Nc3 Nc5 23. Rb1 Kf8 24. Nb3 Nxb3 25. Rxb3 Nd7 26. Na2 Ra5 27. Nc3 f5 28. g4 g6 29. gxf5 gxf5 30. Kf1 Bc8 31. Nb1 Nc5 32. Rb2 Bd7 33. Bh6+ Kf7 34. Bd2 Rxb5 35. Rxb5 Bxb5 36. Bb4 Be5 37. Ke1 d4 38. Kd2 Na6 0-1

[Event "BL2-West 0102"]
[Site "Germany"]
[Date "2002.04.28"]
[Round "9.5"]
[White "Meessen, Rudolf"]
[Black "Van de Mortel, Jan"]
[Result "0-1"]
[WhiteElo "2323"]
[BlackElo "2401"]
[PlyCount "114"]
[EventDate "2001.10.07"]
[EventType "team-tourn"]
[EventRounds "9"]
[EventCountry "GER"]
[SourceTitle "CBM 088 Extra"]
[Source "ChessBase"]
[SourceDate "2002.07.01"]
[SourceVersion "2"]
[SourceVersionDate "2002.07.01"]
[SourceQuality "1"]
[WhiteTeam "Gelsenkirchen"]
[BlackTeam "Bochum"]
[WhiteTeamCountry "GER"]
[BlackTeamCountry "GER"]

1. d4 Nf6 2. c4 g6 3. f3 Bg7 4. e4 d6 5. Nc3 0-0 6. Be3 e5 7. Nge2 Nbd7 8. Qd2 c6 9. d5 cxd5 10. cxd5 a6 11. g4 h5 12. h3 Nh7 13. Rg1 h4 14. Nc1 f6 15. Nb3 Ng5 16. Qf2 Bh6 17. 0-0-0 Kg7 18. Qxh4 Rh8 19. Qg3 Nf7 20. Bxh6+ Rxh6 21. h4 Qb6 22. Bd3 Nc5 23. Nxc5 Qxc5 24. Kb1 Qe3 25. Bc2 Bd7 26. Rde1 Qb6 27. f4 exf4 28. Qxf4 Rxh4 29. Ref1 Qd4 30. Rg2 Rah8 31. Rgf2 Bxg4 32. Qxf6+ Qxf6 33. Rxf6 Ne5 34. Bd1 Bc8 35. Kc1 Rd8 36. Be2 Bf5 37. Rxd6 Rxd6 38. exf5 g5 39. Kd2 Rf4 40. Ke3 Rxf1 41. Bxf1 Rb6 42. Ke4 Nf7 43. b3 Rh6 44. Kd4 Kf6 45. Bd3 Nd6 46. Ne4+ Nxe4 47. Bxe4 g4 48. d6 Rh7 49. b4 g3 50. Bg2 Kxf5 51. Kc5 Ke6 52. Bd5+ Kd7 53. Bxb7 Rh5+ 54. Kd4 Rf5 55. Ke3 Rf2 56. Bh1 Kxd6 57. a4 g2 0-1

[Event "BL2-West 0102"]
[Site "Germany"]
[Date "2002.03.17"]
[Round "7.5"]
[White "Van de Mortel, Jan"]
[Black "Souleidis, Georgios"]
[Result "0-1"]
[WhiteElo "2401"]
[BlackElo "2395"]
[PlyCount "80"]
[EventDate "2001.10.07"]
[EventType "team-tourn"]
[EventRounds "9"]
[EventCountry "GER"]
[SourceTitle "CBM 088 Extra"]
[Source "ChessBase"]
[SourceDate "2002.07.01"]
[SourceVersion "2"]
[SourceVersionDate "2002.07.01"]
[SourceQuality "1"]
[WhiteTeam "Bochum"]
[BlackTeam "Katernberg"]
[WhiteTeamCountry "GER"]
[BlackTeamCountry "GER"]

1. d4 Nf6 2. Nf3 g6 3. c4 Bg7 4. Nc3 0-0 5. e4 d6 6. Be2 e5 7. 0-0 Nc6 8. d5 Ne7 9. Ne1 Nd7 10. Be3 f5 11. f3 f4 12. Bf2 g5 13. b4 Nf6 14. c5 Ng6 15. cxd6 cxd6 16. Rc1 Rf7 17. a4 h5 18. a5 Bd7 19. a6 bxa6 20. Bxa6 g4 21. Kh1 g3 22. Bg1 gxh2 23. Bf2 h4 24. Kxh2 Nh5 25. Nb5 Ng3 26. Nxd6 h3 27. Rh1 hxg2 28. Nxg2 Qg5 29. Kg1 Rf6 30. Rc6 Nxh1 31. Kxh1 Ne7 32. Nf5 Nxf5 33. exf5 Rh6+ 34. Kg1 Bf6 35. Bd3 Kh8 36. Kf1 Rh1+ 37. Bg1 Rg8 38. Qd2 Bxc6 39. dxc6 Bd8 40. Qe2 Qf6 0-1

[Event "Haarlem AKN op 10th"]
[Site "Haarlem"]
[Date "2001.07.08"]
[Round "5"]
[White "Fish, Gennadij"]
[Black "Van de Mortel, Jan"]
[Result "1-0"]
[WhiteElo "2502"]
[BlackElo "2401"]
[PlyCount "83"]
[EventDate "2001.07.06"]
[EventType "swiss"]
[EventRounds "6"]
[EventCountry "NED"]
[SourceTitle "EXT 2002"]
[Source "ChessBase"]
[SourceDate "2001.11.25"]
[SourceVersion "1"]
[SourceVersionDate "2001.11.25"]
[SourceQuality "1"]

1. d4 Nf6 2. c4 g6 3. Nc3 d5 4. cxd5 Nxd5 5. e4 Nxc3 6. bxc3 Bg7 7. Be3 c5 8. Qd2 Qa5 9. Rc1 cxd4 10. cxd4 Qxd2+ 11. Bxd2 0-0 12. Nf3 Bg4 13. Rc7 Bxf3 14. gxf3 Bxd4 15. Rxe7 Nc6 16. Rxb7 Rab8 17. Rb3 Rfd8 18. Be2 Rxb3 19. axb3 Bxf2+ 20. Kxf2 Rxd2 21. Ke3 Rb2 22. Bc4 Na5 23. Kd4 Nc6+ 24. Kd5 Na5 25. Kd4 Nc6+ 26. Ke3 Na5 27. Ra1 Nxc4+ 28. bxc4 Rxh2 29. Rxa7 Rc2 30. Kd3 Rf2 31. c5 Rxf3+ 32. Kd4 Rf1 33. c6 Rc1 34. c7 Kg7 35. e5 Kh6 36. Kd5 Kg5 37. Kd6 Kf4 38. Ra5 Rxc7 39. Kxc7 g5 40. Kd6 g4 41. Ra7 g3 42. Rxf7+ 1-0